000 00334nam a2200121Ia 4500
008 220216s9999 xx 000 0 und d
100 _aDownes A D W
245 0 _aAccelerative effect on vulcanisation of a salt of disphenylguanidine
260 _bIRI Transactions
_c1933
300 _a478-485
650 _aVulcanisation
942 _cJS
999 _c53732
_d53732